000 00442nam a22001697a 4500
005 20160526115156.0
008 160526b xxu||||| |||| 00| 0 eng d
020 _a81-203-1011-X
041 _aeng
082 _b5186
100 _aWeston, J. Fred and Others
_91297
245 _aMergers, Restructuring and Corporate Controll
260 _aNew Delhi
_bAcademic Faundation
_c2003
300 _a729
650 _aManagement
_9241
942 _cBK
999 _c1815
_d1814